00612nam a2200145 a 450000100100000000500170001000800410002704000250006824501190009326000770021230000280028950400270031795201050034499900170044900003817420201002031203.0130320s2000 dr a 000 0 spa d aDO-SdBNPbspacBNPHU00aGuía de iniciación para el productor pecuario en pequeña escala y consejos generales sobre administración. aSanto Domingo :bCentro de Investigación y Educación Popular,c2000. a79 p. :bils. ;c22 cm. aBibliografía : p. 79 0010718PDaPDbPDcCTd2013-03-20iLF1l0o p38174-10r2020-06-25w2020-06-25yLFPDZNo se presta c37664d37664